Countries Where Alcohol Is Illegal - Statistics

General Stats
  • This quiz has been taken 183 times
  • The average score is 10 of 14
Answer Stats
Answer % Correct
Saudi Arabia
95%
Iran
92%
United Arab Emirates
91%
Yemen
89%
Afghanistan
84%
Kuwait
82%
Libya
78%
Sudan
76%
Somalia
75%
Indonesia
67%
Mauritania
64%
Nigeria
45%
India
42%
Comoros
37%
No matching quizzes found
Score Distribution
Percent of People with Each Score
Percentile by Number Answered
Your Score History
You have not taken this quiz